Coordination chemistry reviews. (Record no. 207)
[ view plain ]
| 000 -LEADER | |
|---|---|
| fixed length control field | 01317cas a2200385 4500 |
| 001 - CONTROL NUMBER | |
| control field | 207 |
| 003 - CONTROL NUMBER IDENTIFIER | |
| rucl marc code | BD-RjUL |
| 005 - DATE AND TIME OF LATEST TRANSACTION | |
| control field | 20211208233129.0 |
| 008 - FIXED-LENGTH DATA ELEMENTS--GENERAL INFORMATION | |
| fixed length control field | 131113c19669999ne ex p 0 a0eng c |
| 030 ## - CODEN DESIGNATION | |
| CODEN | CCHRAM |
| 035 ## - SYSTEM CONTROL NUMBER | |
| System control number | (OCoLC)ocm01565057 |
| System control number | (BD-RjUL)220 |
| 040 ## - CATALOGING SOURCE | |
| Original cataloging agency | MnMULS |
| Transcribing agency | MnMULS |
| Modifying agency | NSDP |
| -- | FU |
| -- | DLC |
| -- | OCoLC |
| -- | AIP |
| -- | NST |
| -- | NSDP |
| -- | InU |
| -- | CU-S |
| -- | OCoLC |
| -- | DNLM |
| -- | InU |
| -- | OCoLC |
| -- | NLGGC |
| -- | CaQMU |
| -- | CPT |
| -- | OCoLC |
| -- | BD-RjUL |
| Language of cataloging | eng |
| 041 ## - LANGUAGE CODE | |
| Language code of text/sound track or separate title | eng |
| 060 10 - NATIONAL LIBRARY OF MEDICINE CALL NUMBER | |
| Classification number | W1 |
| Item number | CO825 |
| 082 04 - DEWEY DECIMAL CLASSIFICATION NUMBER | |
| Classification number | 541.224205 |
| Edition number | 19 |
| Author mark and year | COO 1994 |
| 245 00 - TITLE STATEMENT | |
| Title | Coordination chemistry reviews. |
| 260 ## - PUBLICATION, DISTRIBUTION, ETC. (IMPRINT) | |
| Place of publication, distribution, etc. | Amsterdam, |
| Name of publisher, distributor, etc. | Elsevier Pub. Co. |
| 300 ## - PHYSICAL DESCRIPTION | |
| Pagination | v. |
| Illustrations | ill. |
| 321 ## - FORMER PUBLICATION FREQUENCY | |
| Former publication frequency | Frequency varies |
| 510 2# - CITATION/REFERENCES NOTE | |
| Name of source | Chemical abstracts |
| International Standard Serial Number | 0009-2258 |
| 650 #0 - SUBJECT ADDED ENTRY--TOPICAL TERM | |
| Topical term or geographic name as entry element | Coordination compounds |
| Form subdivision | Periodicals. |
| 9 (RLIN) | 627 |
| Topical term or geographic name as entry element | Complex compounds |
| Form subdivision | Periodicals. |
| 9 (RLIN) | 628 |
| Topical term or geographic name as entry element | Chemistry |
| Form subdivision | Periodicals. |
| 9 (RLIN) | 427 |
| Topical term or geographic name as entry element | Coördinatieverbindingen. |
| Source of heading or term | gtt |
| 9 (RLIN) | 629 |
| Topical term or geographic name as entry element | Composés complexes |
| Form subdivision | Périodiques. |
| 9 (RLIN) | 630 |
| Topical term or geographic name as entry element | Composés de coordination |
| Form subdivision | Périodiques. |
| 9 (RLIN) | 631 |
| 776 1# - ADDITIONAL PHYSICAL FORM ENTRY | |
| Title | Coordination chemistry reviews (Online) |
| Record control number | (DLC) 2002238840 |
| -- | (OCoLC)38840986 |
| 936 ## - OCLC/CONSER MISCELLANEOUS DATA (OCLC); PIECE USED FOR CATALOGING (pre-AACR2) (RLIN) | |
| OCLC control number(s) of parallel record(s) (OCLC); Piece used for cataloging, PUC (RLIN) | Unknown |
| -- | Vol. 216-217 (June-July 2001)(surrogate) LIC |
| 942 ## - ADDED ENTRY ELEMENTS (KOHA) | |
| Source of classification or shelving scheme | Dewey Decimal Classification |
| Koha item type | Continuing Resources |
| Lost status | Source of classification or shelving scheme | Damaged status | Not for loan | Collection code | Permanent Location | Current Location | Shelving location | Date acquired | Total Checkouts | Full call number | Date last seen | Koha item type |
|---|---|---|---|---|---|---|---|---|---|---|---|---|
| Dewey Decimal Classification | Not For Loan | Non-fiction | Central Library, University of Rajshahi | Central Library, University of Rajshahi | 08/01/2014 | P 541.224205 COO V.129-131N.1-2 1994 | 08/01/2014 | Continuing Resources |